Loading...
| Painting & Sculpture | 0 | 9 | 0 | 2 | 90 | 80 | 119.33 | 1 | 1 | 0.00 | 0.00 |
| Philosophy | 0 | 8 | 3 | 1 | 65 | 41 | 79.38 | 3 | 6 | 0.00 | 0.00 |
| Social Science | 0 | 5 | 0 | 2 | 50 | 122 | 127.60 | 0 | 0 | 0.00 | 0.00 |
| Any History | 0 | 4 | 0 | 2 | 40 | 81 | 121.00 | 0 | 0 | 0.00 | 0.00 |
| Other Academic | 0 | 4 | 1 | 2 | 35 | 94 | 118.50 | 0 | 0 | 0.00 | 0.00 |
| Literature - World | 0 | 2 | 0 | 0 | 20 | 100 | 104.00 | 0 | 1 | 0.00 | 0.00 |
| Fine Arts - Other | 0 | 3 | 2 | 2 | 20 | 103 | 127.67 | 0 | 0 | 0.00 | 0.00 |
| Literature - American | 0 | 2 | 0 | 1 | 20 | 120 | 136.00 | 0 | 0 | 0.00 | 0.00 |
| Mythology | 0 | 2 | 1 | 0 | 15 | 97 | 110.50 | 0 | 1 | 0.00 | 0.00 |
| History - American | 0 | 2 | 2 | 1 | 10 | 125 | 130.50 | 0 | 0 | 0.00 | 0.00 |
| Science - Physics | 0 | 1 | 0 | 0 | 10 | 109 | 109.00 | 0 | 0 | 0.00 | 0.00 |
| Literature - British | 0 | 2 | 2 | 0 | 10 | 70 | 94.50 | 0 | 1 | 0.00 | 0.00 |
| History - World | 0 | 2 | 2 | 1 | 10 | 102 | 119.50 | 0 | 0 | 0.00 | 0.00 |
| Current Events | 0 | 1 | 1 | 0 | 5 | 135 | 135.00 | 0 | 0 | 0.00 | 0.00 |
| Literature - European | 0 | 1 | 1 | 1 | 5 | 145 | 145.00 | 0 | 0 | 0.00 | 0.00 |
| History - European | 0 | 1 | 1 | 0 | 5 | 106 | 106.00 | 0 | 0 | 0.00 | 0.00 |
| Science - Chemistry | 0 | 0 | 0 | 0 | 0 | 0.00 | 0 | 0 | 0.00 | 0.00 | |
| Science - Other | 0 | 0 | 1 | 0 | -5 | 0.00 | 0 | 0 | 0.00 | 0.00 |